000 00665nam a22002057a 4500
003 URS
005 20260122100825.0
008 190710b ||||| |||| 00| 0 eng d
020 _a9712315894
040 _bEnglish
_cURS
_erda
050 0 0 _aKPM880
_b.T636 2000
100 _aTorres Jr., Justo P.,
_eauthor.
245 _aThe Law on negotiable instruments (with warehouse Receipt Act, Documents of Title and Business Forms) /
_cJusto P. Torres.
250 _a2000 ed.
260 _aManila :
_bRex Book Store,
_c©2000.
300 _a302 pages ;
_c22 cm.
650 0 _aNegotiable instruments.
650 0 _aNegotiable instruments
_zPhilippines.
942 _2lcc
_cF
999 _c10595
_d10595